000 01652cam a2200457 i 4500
001 22175401
005 20220721104958.0
008 210812t20212021enk b 001 0 eng d
010 _a 2021945091
015 _aGBC1D6391
_2bnb
016 7 _a020299110
_2Uk
020 _a9781789906158
_q(cased)
020 _a1789906156
_q(cased)
020 _a9781789906172
_q(paperback)
020 _a1789906172
_q(paperback)
020 _z9781789906165
_q(eBook)
035 _a(OCoLC)on1249796857
040 _aYDX
_beng
_cYDX
_erda
_dBDX
_dUKMGB
_dOCLCO
_dOCLCF
_dGWL
_dDLC
042 _alccopycat
050 0 0 _aK552
_b.M66 2021
082 0 4 _a340.2
_bMON
100 1 _aMonateri, P. G.,
_eauthor.
_994274
245 1 0 _aAdvanced introduction to comparative legal methods /
_cPier Giuseppe Monateri.
246 3 0 _aComparative legal methods
264 1 _aCheltenham, UK ;
_aNorthampton, MA, USA :
_bEdward Elgar Publishing,
_c[2021]
264 4 _c©2021
300 _axii, 125 pages ;
_c22 cm.
336 _atext
_2rdacontent
337 _aunmediated
_2rdamedia
338 _avolume
_2rdacarrier
490 1 _aElgar advanced introductions
504 _aIncludes bibliographical references (pages 112-117) and index.
650 0 _aComparative law
_xMethodology.
_994275
650 0 _aComparative law.
_994276
650 7 _aComparative law
_xMethodology.
_2fast
_0(OCoLC)fst00871354
_994275
776 0 8 _iebook version :
_z9781789906165
830 0 _aElgar advanced introductions.
_994277
906 _a7
_bcbc
_ccopycat
_d2
_eepcn
_f20
_gy-gencatlg
942 _2ddc
_cBK
999 _c590444
_d590444